Statistics for 2023 Carlton Blues AFL Team Quiz

Click here to take the quiz!

General Stats

  • This quiz has been taken 216 times
    (181 since last reset)
  • The average score is 33 of 55

Answer Stats

No.Answer% Correct
9Patrick Cripps
96%
30Charlie Curnow
90%
10Harry McKay
90%
35Ed Curnow
88%
1Jack Silvagni
86%
3Jesse Motlop
86%
18Sam Walsh
86%
5Adam Cerra
83%
12Tom De Koning
82%
Senior CoachMichael Voss
81%
15Sam Docherty
81%
13Blake Acres
77%
23Jacob Weitering
77%
6Zac Williams
76%
7Matthew Kennedy
74%
2Paddy Dow
74%
27Marc Pittonet
73%
44Matthew Owies
73%
14Oliver Hollands
73%
19Corey Durdin
72%
4Lochie O'Brien
72%
42Adam Saad
71%
21Jack Martin
71%
33Lewis Young
69%
46Matthew Cottrell
67%
25Zac Fisher
67%
20Lachie Plowman
65%
38Sam Durdin
65%
11Mitch McGovern
64%
29George Hewett
63%
8Lachie Fogarty
62%
17Brodie Kemp
59%
22Caleb Marchbank
59%
37Jordan Boyd
59%
26Lachlan Cowan
59%
24Nic Newman
59%
41Dominic Akuei
54%
36Josh Honey
54%
28David Cunningham
51%
45Alex Mirkov
47%
32Jaxon Binns
44%
16Jack Carroll
42%
Ruck CoachMatthew Kreuzer
42%
34Sam Philp
38%
31Harry Lemmey
36%
Backline CoachAaron Hamill
26%
Forward CoachAshley Hanson
24%
Development CoachBrad Ebert
24%
Head of DevelopmentLuke Power
22%
Development and Talent ManagerTom Lonergan
22%
39Alex Cincotta
21%
40Hudson O'Keeffe
19%
Midfield CoachTim Clarke
19%
Development CoachTorin Baker
18%
Coaching and Innovations ManagerAaron Greaves
12%

Score Distribution

Percentile by Number Answered

Percent of People with Each Score

Your Score History

You have not taken this quiz since the last reset